[Event "Titled Tuesday intern op 02nd Apr Late"]
[Site "Chess.com INT"]
[Date "2024.04.02"]
[Round "2"]
[White "Chen, Ryo"]
[Black "Kanter, Eduard"]
[Result "0-1"]
[WhiteElo "2318"]
[BlackElo "2344"]
[PlyCount "170"]
[EventDate "2024.04.02"]
[EventType "swiss (blitz)"]
[EventRounds "11"]
[EventCountry "USA"]
[SourceTitle "CB15_2024"]
[SourceDate "2024.04.10"]
[SourceVersion "1"]
[SourceVersionDate "2024.04.10"]
[SourceQuality "1"]

1. e4 c5 2. Nf3 d6 3. d4 cxd4 4. Nxd4 Nf6 5. Nc3 g6 6. Be3 Bg7 7. f3 0-0 8. Qd2 Nc6 9. g4 Bd7 10. 0-0-0 Ne5 11. h4 Rc8 12. Kb1 Qa5 13. Be2 Rxc3 14. Qxc3 Qxc3 15. bxc3 Rc8 16. Kb2 h5 17. g5 Ne8 18. Nb3 Nxf3 19. Bd4 Ne5 20. Bxa7 Nc4+ 21. Bxc4 Rxc4 22. Bd4 e5 23. Bb6 Rxe4 24. Nc5 Bc6 25. Nxe4 Bxe4 26. Rhe1 Bc6 27. c4 f5 28. gxf6 Bxf6 29. Rg1 Kg7 30. Be3 Bxh4 31. Bg5 Bxg5 32. Rxg5 Kf6 33. Rdg1 Be4 34. Kc3 Ng7 35. a4 Ne6 36. R5g3 g5 37. a5 h4 38. Rg4 Bc6 39. Kd2 h3 40. R4g3 h2 41. Rf1+ Kg6 42. Rh3 Bg2 43. Rxh2 Bxf1 44. Kc3 g4 45. Rf2 Bh3 46. Kd2 Kg5 47. Ke3 g3 48. Rd2 g2 49. Kf2 Nd4 50. Rd1 Kf4 51. Rd3 Ne2 52. Rf3+ Kg4 53. Kxe2 g1Q 54. Rf2 Qg3 55. Rf8 Bg2 56. Rg8+ Kf4 57. Rxg3 Kxg3 58. Ke3 Kg4 59. c3 Kf5 60. Kd3 Ke6 61. Kc2 Bc6 62. Kb3 d5 63. Kb4 d4 64. cxd4 exd4 65. a6 bxa6 66. Kc5 d3 67. Kxc6 d2 68. Kb7 d1Q 69. c5 Qb3+ 70. Kxa6 Qc4+ 71. Kb6 Qb4+ 72. Kc6 Ke7 73. Kd5 Kd7 74. c6+ Kc7 75. Ke5 Qd6+ 76. Kf5 Qxc6 77. Kg4 Qe4+ 78. Kg3 Qf5 79. Kg2 Qf4 80. Kh1 Qg4 81. Kh2 Kd6 82. Kh1 Ke5 83. Kh2 Kf4 84. Kh1 Kf3 85. Kh2 Qg2# 0-1

[Event "Charlotte Spring GMA 2024"]
[Site "Charlotte"]
[Date "2024.03.31"]
[Round "9"]
[White "Chen, Ryo"]
[Black "Wang, Tianqi"]
[Result "1/2-1/2"]
[WhiteElo "2316"]
[BlackElo "2344"]
[PlyCount "61"]
[EventDate "2024.03.27"]
[EventType "tourn"]
[EventRounds "9"]
[EventCountry "USA"]
[EventCategory "6"]
[SourceTitle "CB14_2024"]
[SourceDate "2024.04.01"]
[SourceVersion "1"]
[SourceVersionDate "2024.04.01"]
[SourceQuality "1"]

1. e4 c5 2. Nf3 Nc6 3. d4 cxd4 4. Nxd4 g6 5. c4 Nf6 6. Nc3 d6 7. Be2 Nxd4 8. Qxd4 Bg7 9. Be3 0-0 10. Qd2 a5 11. 0-0 a4 12. Bd4 Bd7 13. Rfe1 Bc6 14. Rad1 Qa5 15. Bf1 Nd7 16. Bxg7 Kxg7 17. f4 e5 18. f5 Nf6 19. Bd3 h6 20. Re3 g5 21. Rg3 Qb6+ 22. Kh1 Kh7 23. Bc2 Rad8 24. Re1 Qd4 25. Qe2 Qa7 26. Rd1 Qa5 27. a3 Rd7 28. Qe1 Ra8 29. Qe2 Qb6 30. Rgd3 Kg7 31. Rh3 1/2-1/2

[Event "Charlotte Spring GMA 2024"]
[Site "Charlotte"]
[Date "2024.03.30"]
[Round "7"]
[White "Chen, Ryo"]
[Black "Tsay, Vincent"]
[Result "1-0"]
[WhiteElo "2316"]
[BlackElo "2337"]
[PlyCount "61"]
[EventDate "2024.03.27"]
[EventType "tourn"]
[EventRounds "9"]
[EventCountry "USA"]
[EventCategory "6"]
[SourceTitle "CB14_2024"]
[SourceDate "2024.04.01"]
[SourceVersion "1"]
[SourceVersionDate "2024.04.01"]
[SourceQuality "1"]

1. e4 e6 2. d4 d5 3. Nd2 c5 4. Ngf3 cxd4 5. Nxd4 Nc6 6. Bb5 Bd7 7. Nxc6 bxc6 8. Bd3 Bd6 9. Qe2 Ne7 10. Nf3 Qb8 11. e5 Bc7 12. 0-0 Ng6 13. Re1 0-0 14. g3 Bb6 15. c4 a5 16. Kg2 a4 17. h4 h6 18. h5 Ne7 19. Bc2 f5 20. exf6 Rxf6 21. Qd3 Nf5 22. Bf4 Qa7 23. Re2 g5 24. hxg6 Be8 25. Rxe6 Rxe6 26. Qxf5 Re2 27. Bxh6 Rxf2+ 28. Kh1 Qe7 29. g7 Bg6 30. Qxg6 Rxc2 31. Ng5 1-0

[Event "Charlotte Spring GMA 2024"]
[Site "Charlotte"]
[Date "2024.03.29"]
[Round "4"]
[White "Cordova, Emilio"]
[Black "Chen, Ryo"]
[Result "0-1"]
[WhiteElo "2551"]
[BlackElo "2316"]
[PlyCount "72"]
[EventDate "2024.03.27"]
[EventType "tourn"]
[EventRounds "9"]
[EventCountry "USA"]
[EventCategory "6"]
[SourceTitle "CB14_2024"]
[SourceDate "2024.04.01"]
[SourceVersion "1"]
[SourceVersionDate "2024.04.01"]
[SourceQuality "1"]

1. d4 Nf6 2. Bg5 d5 3. Nd2 c5 4. dxc5 Na6 5. Bxf6 gxf6 6. e4 Nxc5 7. Bb5+ Bd7 8. Qe2 dxe4 9. Nxe4 Nxe4 10. Bxd7+ Qxd7 11. Qxe4 f5 12. Qe2 Rg8 13. g3 Rg6 14. Rd1 Qc6 15. Qf3 Qxc2 16. Kf1 Qe4 17. Rd5 Rb6 18. b3 e6 19. Rd2 a5 20. Re2 Qxf3 21. Nxf3 a4 22. bxa4 Rxa4 23. Kg2 Rba6 24. Rc1 Rxa2 25. Rxa2 Rxa2 26. Rc8+ Ke7 27. Nd4 Rb2 28. Kf1 Bg7 29. Nf3 Kd7 30. Rb8 Bf6 31. h4 h6 32. Rf8 Ke7 33. Rb8 b5 34. Ne1 Bd4 35. Nd3 Rd2 36. Nb4 Bxf2 0-1

[Event "Titled Tuesday intern op 13th Feb Late"]
[Site "Chess.com INT"]
[Date "2024.02.13"]
[Round "3"]
[White "Chen, Ryo"]
[Black "Deac, Bogdan Daniel"]
[Result "0-1"]
[WhiteElo "2317"]
[BlackElo "2690"]
[PlyCount "100"]
[EventDate "2024.02.13"]
[EventType "swiss (blitz)"]
[EventRounds "11"]
[EventCountry "USA"]
[SourceTitle "CB08_2024"]
[SourceDate "2024.02.21"]
[SourceVersion "1"]
[SourceVersionDate "2024.02.21"]
[SourceQuality "1"]

1. e4 c6 2. d4 d5 3. Nd2 Qc7 4. Ngf3 Bg4 5. h3 Bh5 6. Be2 e6 7. 0-0 Nf6 8. e5 Nfd7 9. c3 c5 10. Nh4 Bxe2 11. Qxe2 Nc6 12. Nb3 Qb6 13. Be3 cxd4 14. cxd4 a5 15. Rad1 Be7 16. Qg4 g6 17. Nf3 a4 18. Nbd2 Qxb2 19. Rb1 Qxa2 20. Rxb7 Na5 21. Rb5 Nc4 22. Rfb1 Nxe3 23. fxe3 a3 24. Rb7 Qc2 25. e4 a2 26. Ra1 Qc3 27. Nb3 Qc6 28. Rxd7 Qxd7 29. Nfd2 Qc6 30. Qe2 0-0 31. Nf1 Rfb8 32. Nc1 Rb1 33. Rxa2 Rxc1 34. Rxa8+ Qxa8 35. Qb5 Qa1 36. Qe8+ Bf8 37. Kh2 Rxf1 38. exd5 Qxd4 39. Qb8 Qf4+ 40. g3 Rf2+ 41. Kh1 Qf3+ 42. Kg1 Qxg3+ 43. Kh1 Qxh3+ 44. Kg1 Qg3+ 45. Kh1 Qf3+ 46. Kg1 Rg2+ 47. Kh1 Rb2+ 48. Kg1 Rxb8 49. dxe6 Bc5+ 50. Kh2 Rb2# 0-1

[Event "Titled Tuesday intern op 06th Feb Late"]
[Site "Chess.com INT"]
[Date "2024.02.06"]
[Round "2"]
[White "Chen, Ryo"]
[Black "Khakhinov, Ilya"]
[Result "1-0"]
[WhiteElo "2317"]
[BlackElo "2236"]
[PlyCount "57"]
[EventDate "2024.02.06"]
[EventType "swiss (blitz)"]
[EventRounds "11"]
[EventCountry "USA"]
[SourceTitle "CB07_2024"]
[SourceDate "2024.02.14"]
[SourceVersion "1"]
[SourceVersionDate "2024.02.14"]
[SourceQuality "1"]

1. e4 d6 2. d4 Nf6 3. Nc3 e5 4. Nf3 Nbd7 5. Bc4 Be7 6. 0-0 0-0 7. a4 c6 8. b3 b6 9. Bg5 a6 10. d5 cxd5 11. Nxd5 Nxd5 12. Qxd5 Ra7 13. Bxe7 Qxe7 14. Rad1 Bb7 15. Qxd6 Qxd6 16. Rxd6 Bxe4 17. Rfd1 Bxf3 18. gxf3 Nf6 19. Rxb6 a5 20. Rb5 e4 21. fxe4 Nxe4 22. Rdd5 Nc3 23. Rxa5 Re7 24. Re5 Rd7 25. Rac5 Rd2 26. Bxf7+ Rxf7 27. Re8+ Rf8 28. Rxf8+ Kxf8 29. Rxc3 1-0

[Event "Titled Tuesday intern op 06th Feb Late"]
[Site "Chess.com INT"]
[Date "2024.02.06"]
[Round "11"]
[White "Chen, Ryo"]
[Black "Poltorak, Sebastian"]
[Result "1-0"]
[WhiteElo "2317"]
[BlackElo "2379"]
[PlyCount "33"]
[EventDate "2024.02.06"]
[EventType "swiss (blitz)"]
[EventRounds "11"]
[EventCountry "USA"]
[SourceTitle "CB07_2024"]
[SourceDate "2024.02.14"]
[SourceVersion "1"]
[SourceVersionDate "2024.02.14"]
[SourceQuality "1"]

1. e4 Nc6 2. Nf3 f5 3. exf5 d5 4. Bb5 Bxf5 5. 0-0 Qd6 6. d4 0-0-0 7. Re1 e6 8. c3 h6 9. Qa4 Nge7 10. Na3 Be4 11. Nd2 Bf5 12. Nb3 Kb8 13. Nc5 g5 14. Ba6 b6 15. Nb5 bxc5 16. Nxd6 cxd6 17. Qb5+ 1-0

[Event "Titled Tuesday intern op 06th Feb Late"]
[Site "Chess.com INT"]
[Date "2024.02.06"]
[Round "5"]
[White "Deac, Bogdan Daniel"]
[Black "Chen, Ryo"]
[Result "1-0"]
[WhiteElo "2690"]
[BlackElo "2317"]
[PlyCount "191"]
[EventDate "2024.02.06"]
[EventType "swiss (blitz)"]
[EventRounds "11"]
[EventCountry "USA"]
[SourceTitle "CB07_2024"]
[SourceDate "2024.02.14"]
[SourceVersion "1"]
[SourceVersionDate "2024.02.14"]
[SourceQuality "1"]

1. d4 Nf6 2. Nf3 g6 3. Nbd2 c5 4. dxc5 Qa5 5. a3 Qxc5 6. b4 Qc7 7. Bb2 Bg7 8. g3 0-0 9. Bg2 b6 10. 0-0 Bb7 11. c4 d6 12. Rc1 Nbd7 13. Re1 Ne4 14. Bxg7 Kxg7 15. Nb3 a5 16. Nfd4 axb4 17. axb4 Nef6 18. e4 Ne5 19. Nb5 Qb8 20. Qd4 Ra4 21. Qc3 Nc6 22. Ra1 Rxb4 23. N3d4 Rxb5 24. cxb5 Ne5 25. Qa3 Rc8 26. Qa7 Qc7 27. Qa3 Qc5 28. Qxc5 dxc5 29. Nc2 Nd3 30. Re3 c4 31. Ra7 Nc5 32. e5 Nd5 33. Re1 Rd8 34. f4 Nd3 35. Rxb7 Nxe1 36. Nxe1 Ne3 37. Kf2 Ng4+ 38. Ke2 c3 39. Nd3 Nxh2 40. Rc7 Rd4 41. Rxc3 Ra4 42. Rc2 Ng4 43. Bf3 Nh2 44. Bc6 Ra3 45. Rd2 h5 46. Kf2 Ng4+ 47. Ke2 Rc3 48. Rb2 Rc4 49. Ra2 f6 50. Bf3 g5 51. exf6+ Kxf6 52. Bxg4 hxg4 53. fxg5+ Kxg5 54. Ra6 Re4+ 55. Kd2 Re6 56. Ra4 Rd6 57. Rb4 e5 58. Ke3 Kf5 59. Nf2 Rd5 60. Nxg4 Rd1 61. Nf2 Rg1 62. Kf3 Rc1 63. g4+ Ke6 64. Rb3 Rc4 65. Ne4 Rc1 66. Rd3 Rf1+ 67. Ke3 Rb1 68. Rd6+ Ke7 69. Rxb6 Rb3+ 70. Ke2 Kf7 71. Kd2 Rb4 72. Kd3 Rd4+ 73. Ke3 Rb4 74. g5 Kg7 75. Re6 Rb3+ 76. Ke2 Rxb5 77. Kf3 Rd5 78. Kg4 Rd1 79. Kf5 Rf1+ 80. Kxe5 Rf3 81. Ra6 Rf1 82. Rb6 Rf3 83. Rc6 Rf1 84. Ng3 Re1+ 85. Kf4 Kf7 86. g6+ Kg8 87. Nf5 Re8 88. Kg5 Ra8 89. Rf6 Rb8 90. Nh6+ Kg7 91. Nf5+ Kh8 92. Kh6 Rc8 93. Ne7 Rg8 94. g7+ Rxg7 95. Rf8+ Rg8 96. Rxg8# 1-0

[Event "Titled Tuesday intern op 06th Feb Late"]
[Site "Chess.com INT"]
[Date "2024.02.06"]
[Round "4"]
[White "Kramnik, Vladimir"]
[Black "Chen, Ryo"]
[Result "0-1"]
[WhiteElo "2753"]
[BlackElo "2317"]
[PlyCount "118"]
[EventDate "2024.02.06"]
[EventType "swiss (blitz)"]
[EventRounds "11"]
[EventCountry "USA"]
[SourceTitle "CB07_2024"]
[SourceDate "2024.02.14"]
[SourceVersion "1"]
[SourceVersionDate "2024.02.14"]
[SourceQuality "1"]

1. c4 Nf6 2. Nc3 g6 3. g3 Bg7 4. Bg2 0-0 5. d3 d6 6. Rb1 a5 7. a3 e5 8. b4 axb4 9. axb4 c6 10. b5 Re8 11. bxc6 bxc6 12. Bg5 Qa5 13. Bd2 Be6 14. Nf3 Qc7 15. 0-0 Nbd7 16. Ng5 Bf5 17. h3 h6 18. e4 Be6 19. Nxe6 Rxe6 20. f4 Ree8 21. f5 Reb8 22. Kh2 Rxb1 23. Qxb1 Nc5 24. Be3 Qa5 25. Qc2 Rb8 26. fxg6 fxg6 27. Ne2 Qa4 28. Qxa4 Nxa4 29. Ra1 Nb2 30. Nc1 Bf8 31. Bf3 Nd7 32. Bg4 Nc5 33. Bxc5 dxc5 34. Be6+ Kg7 35. Ra7+ Kf6 36. Bg4 h5 37. Be2 Bh6 38. Na2 Rd8 39. Ra6 Rd6 40. Nc3 Nxd3 41. Nd5+ Ke6 42. Bxd3 cxd5 43. exd5+ Ke7 44. Ra7+ Kf6 45. Rc7 e4 46. Bxe4 Ke5 47. Bg2 Kd4 48. Bf1 Rf6 49. Kg2 Be3 50. g4 Rf2+ 51. Kg3 Rxf1 52. Kh4 hxg4 53. Kxg4 Rg1+ 54. Kf3 Rf1+ 55. Ke2 Rf2+ 56. Ke1 Kd3 57. Ra7 Rh2 58. Ra3+ Ke4 59. d6 Rd2 0-1

[Event "Titled Tuesday intern op 16th Jan Late"]
[Site "Chess.com INT"]
[Date "2024.01.16"]
[Round "3"]
[White "Chen, Ryo"]
[Black "Avramidou, Anastasia"]
[Result "0-1"]
[WhiteElo "2331"]
[BlackElo "2287"]
[PlyCount "148"]
[EventDate "2024.01.16"]
[EventType "swiss (blitz)"]
[EventRounds "11"]
[EventCountry "USA"]
[SourceTitle "CB04_2024"]
[SourceDate "2023.10.16"]
[SourceVersion "1"]
[SourceVersionDate "2023.10.16"]
[SourceQuality "1"]

1. e4 g6 2. d4 Bg7 3. Nf3 d6 4. Be2 a6 5. 0-0 Nf6 6. Nc3 0-0 7. a4 b6 8. e5 Ne8 9. Bf4 Bb7 10. Qd2 Qc8 11. Rfe1 c5 12. dxc5 dxc5 13. Nd5 Qd8 14. Rad1 Bxd5 15. Qxd5 Qxd5 16. Rxd5 Nc7 17. Rdd1 Nc6 18. Bc4 Rfd8 19. c3 b5 20. axb5 axb5 21. e6 Nxe6 22. Bxe6 fxe6 23. Rxd8+ Nxd8 24. Be3 Rc8 25. Rd1 Nf7 26. Kf1 Nd6 27. Ke2 Nc4 28. Bc1 b4 29. b3 Na5 30. cxb4 cxb4 31. Bd2 Bc3 32. Rb1 Kg7 33. Bxc3+ Rxc3 34. Nd2 e5 35. g3 Nc6 36. Ra1 Nd4+ 37. Kd1 Nxb3 38. Rb1 Nxd2 39. Kxd2 Rc4 40. Kd3 Rd4+ 41. Ke3 Kf6 42. f4 Ke6 43. Rb3 Kd5 44. Rb2 e4 45. Rb3 e6 46. Rb1 Rd3+ 47. Ke2 Kc4 48. Rc1+ Rc3 49. Rb1 b3 50. g4 Rc2+ 51. Ke3 Kc3 52. Kxe4 Re2+ 53. Kf3 Rxh2 54. Ke4 Re2+ 55. Kf3 Rc2 56. Ke4 b2 57. Ke5 Rc1 58. Rxb2 Kxb2 59. Kxe6 Rf1 60. f5 gxf5 61. gxf5 h5 62. f6 h4 63. f7 h3 64. Ke7 h2 65. f8Q Rxf8 66. Kxf8 h1Q 67. Kg7 Qc6 68. Kf8 Kc3 69. Kg7 Kd4 70. Kf8 Ke5 71. Kg7 Kf5 72. Kf8 Kf6 73. Kg8 Qd7 74. Kf8 Qf7# 0-1

[Event "Titled Tuesday intern op 16th Jan Early"]
[Site "Chess.com INT"]
[Date "2024.01.16"]
[Round "10"]
[White "Chen, Ryo"]
[Black "Banusz, Tamas"]
[Result "1-0"]
[WhiteElo "2331"]
[BlackElo "2621"]
[PlyCount "53"]
[EventDate "2024.01.16"]
[EventType "swiss (blitz)"]
[EventRounds "11"]
[EventCountry "USA"]
[SourceTitle "CB04_2024"]
[SourceDate "2023.10.16"]
[SourceVersion "1"]
[SourceVersionDate "2023.10.16"]
[SourceQuality "1"]

1. e4 e5 2. Nf3 d6 3. d4 exd4 4. Nxd4 Nf6 5. Nc3 Be7 6. g3 0-0 7. Bg2 Re8 8. 0-0 Bf8 9. b3 c6 10. Bb2 a5 11. Qd2 a4 12. Rad1 Nbd7 13. Nf5 axb3 14. axb3 Ne5 15. Nxd6 Bxd6 16. Qxd6 Qxd6 17. Rxd6 h5 18. h3 Ng6 19. f4 h4 20. g4 Ra5 21. e5 Nh7 22. Na4 Nhf8 23. Bc1 Ra6 24. Rfd1 Ra8 25. Rd8 Rxd8 26. Rxd8 Ne7 27. Ba3 1-0

[Event "Titled Tuesday intern op 16th Jan Early"]
[Site "Chess.com INT"]
[Date "2024.01.16"]
[Round "5"]
[White "Chen, Ryo"]
[Black "Vokhidov, Shamsiddin"]
[Result "0-1"]
[WhiteElo "2331"]
[BlackElo "2596"]
[PlyCount "82"]
[EventDate "2024.01.16"]
[EventType "swiss (blitz)"]
[EventRounds "11"]
[EventCountry "USA"]
[SourceTitle "CB04_2024"]
[SourceDate "2023.10.16"]
[SourceVersion "1"]
[SourceVersionDate "2023.10.16"]
[SourceQuality "1"]

1. e4 c5 2. Nf3 e6 3. d4 cxd4 4. Nxd4 Nc6 5. Nc3 Qc7 6. Be2 Nf6 7. 0-0 a6 8. Be3 Be7 9. f4 d6 10. a4 0-0 11. Kh1 Na5 12. Bd3 Nc4 13. Bc1 Bd7 14. b3 Na5 15. Bb2 Rac8 16. Qe2 g6 17. f5 e5 18. Nf3 Nc6 19. fxg6 hxg6 20. Ng5 Nd4 21. Qd2 Kg7 22. Nd5 Nxd5 23. exd5 Nf5 24. g4 Nh6 25. h3 Rh8 26. Kg2 Rcf8 27. Rf3 f5 28. Ne6+ Bxe6 29. dxe6 Kh7 30. gxf5 gxf5 31. Kh1 Rhg8 32. Rg1 Rxg1+ 33. Kxg1 Rg8+ 34. Kf1 e4 35. Rxf5 Nxf5 36. Bxe4 Rf8 37. Qg2 Bh4 38. Ke2 Qe7 39. Qg4 Qg5 40. e7 Qe3+ 41. Kd1 Qe1# 0-1

[Event "Titled Tuesday intern op 16th Jan Late"]
[Site "Chess.com INT"]
[Date "2024.01.16"]
[Round "5"]
[White "Golubev, Mikhail"]
[Black "Chen, Ryo"]
[Result "0-1"]
[WhiteElo "2461"]
[BlackElo "2331"]
[PlyCount "84"]
[EventDate "2024.01.16"]
[EventType "swiss (blitz)"]
[EventRounds "11"]
[EventCountry "USA"]
[SourceTitle "CB04_2024"]
[SourceDate "2023.10.16"]
[SourceVersion "1"]
[SourceVersionDate "2023.10.16"]
[SourceQuality "1"]

1. e4 c5 2. Nf3 d6 3. d4 cxd4 4. Nxd4 Nf6 5. Nc3 Nc6 6. Bc4 Bd7 7. Bb3 g6 8. Be3 Ng4 9. Nxc6 bxc6 10. Qf3 Ne5 11. Qe2 Bg7 12. 0-0-0 0-0 13. h3 c5 14. f4 Nc6 15. e5 Nd4 16. Bxd4 cxd4 17. Rxd4 Qb6 18. Rhd1 Bc6 19. Nd5 Bxd5 20. Rxd5 dxe5 21. fxe5 e6 22. R5d4 Qc5 23. Re4 a5 24. a4 Rab8 25. Kb1 Rfd8 26. Rf1 Rd7 27. Ka2 Rdb7 28. Qf2 Qc6 29. Rf4 Qd7 30. Re4 h5 31. g4 hxg4 32. hxg4 Rc8 33. Qe2 Rc5 34. Rd1 Qe7 35. Qd3 Rb8 36. Ree1 Rxe5 37. Rxe5 Bxe5 38. Qe4 Bg7 39. c3 Qc5 40. Bc4 Qf2 41. Bb5 Bxc3 42. Rb1 Bg7 0-1

[Event "Titled Tuesday intern op 16th Jan Early"]
[Site "Chess.com INT"]
[Date "2024.01.16"]
[Round "9"]
[White "Jumabayev, Rinat"]
[Black "Chen, Ryo"]
[Result "0-1"]
[WhiteElo "2598"]
[BlackElo "2331"]
[PlyCount "122"]
[EventDate "2024.01.16"]
[EventType "swiss (blitz)"]
[EventRounds "11"]
[EventCountry "USA"]
[SourceTitle "CB04_2024"]
[SourceDate "2023.10.16"]
[SourceVersion "1"]
[SourceVersionDate "2023.10.16"]
[SourceQuality "1"]

1. d4 Nf6 2. c4 g6 3. g3 Bg7 4. Bg2 0-0 5. Nf3 d6 6. Nc3 Bf5 7. Qb3 Qc8 8. Nh4 Nc6 9. Nxf5 Qxf5 10. Qd1 e5 11. d5 Nb8 12. e4 Qc8 13. 0-0 a5 14. f4 exf4 15. gxf4 Re8 16. Qf3 Nbd7 17. Be3 Nb6 18. b3 a4 19. Rab1 axb3 20. axb3 Nbd7 21. Bh3 Qd8 22. Rfe1 Qe7 23. Bf2 Nh5 24. Nb5 Nc5 25. Bxc5 dxc5 26. e5 Bh6 27. f5 Qh4 28. Nxc7 Nf4 29. Bf1 gxf5 30. Nxe8 Rxe8 31. Kh1 Kh8 32. Re3 Rg8 33. Rb2 Qg5 34. Qg3 Qh5 35. Qf3 Qh4 36. Rf2 Ng6 37. Qg3 Qd4 38. Ref3 Nxe5 39. Qh3 Nxf3 40. Qxf3 Be3 41. Rg2 Rxg2 42. Kxg2 Bf4 43. Kh1 Qd2 44. Qe2 Qd4 45. Qf3 Kg7 46. Qg2+ Kf6 47. Qf3 Qd2 48. Qe2 Qxe2 49. Bxe2 Bd6 50. Kg2 Ke5 51. h3 Kd4 52. Bh5 f6 53. Bf7 Kc3 54. Bg8 h6 55. Bh7 Kxb3 56. Bxf5 Kxc4 57. Kf3 Kd4 58. Ke2 b5 59. Kd2 c4 60. Ke2 b4 61. Kd1 b3 0-1

[Event "Titled Tuesday intern op 16th Jan Early"]
[Site "Chess.com INT"]
[Date "2024.01.16"]
[Round "3"]
[White "Svane, Rasmus"]
[Black "Chen, Ryo"]
[Result "1-0"]
[WhiteElo "2637"]
[BlackElo "2331"]
[PlyCount "57"]
[EventDate "2024.01.16"]
[EventType "swiss (blitz)"]
[EventRounds "11"]
[EventCountry "USA"]
[SourceTitle "CB04_2024"]
[SourceDate "2023.10.16"]
[SourceVersion "1"]
[SourceVersionDate "2023.10.16"]
[SourceQuality "1"]

1. Nf3 Nf6 2. g3 g6 3. Bg2 Bg7 4. d4 0-0 5. 0-0 d6 6. Re1 Nbd7 7. e4 e5 8. Nc3 c6 9. a4 a5 10. h3 Qc7 11. Be3 Rd8 12. Qd2 exd4 13. Nxd4 Ne5 14. b3 d5 15. f4 Ned7 16. e5 Ne8 17. Rad1 Nf8 18. Qf2 f6 19. Nf3 Qf7 20. Bb6 Nc7 21. g4 fxe5 22. Nxe5 Bxe5 23. Rxe5 Be6 24. f5 gxf5 25. gxf5 Bc8 26. Qg3+ Kh8 27. Re7 Qxe7 28. Bd4+ Qf6 29. Bxf6# 1-0

[Event "Titled Tuesday intern op 16th Jan Early"]
[Site "Chess.com INT"]
[Date "2024.01.16"]
[Round "6"]
[White "Weishaeutel, Moritz"]
[Black "Chen, Ryo"]
[Result "0-1"]
[WhiteElo "2387"]
[BlackElo "2331"]
[PlyCount "96"]
[EventDate "2024.01.16"]
[EventType "swiss (blitz)"]
[EventRounds "11"]
[EventCountry "USA"]
[SourceTitle "CB04_2024"]
[SourceDate "2023.10.16"]
[SourceVersion "1"]
[SourceVersionDate "2023.10.16"]
[SourceQuality "1"]

1. e4 c5 2. d4 cxd4 3. c3 dxc3 4. Nxc3 Nc6 5. Nf3 e6 6. Bc4 Bb4 7. 0-0 Nge7 8. Qe2 0-0 9. Rd1 d5 10. exd5 exd5 11. Nxd5 Nxd5 12. Bxd5 Qe7 13. Qc2 Bg4 14. h3 Bxf3 15. Bxf3 Nd4 16. Rxd4 Qe1+ 17. Kh2 Qe5+ 18. Rf4 g5 19. g3 gxf4 20. Bxf4 Qg7 21. Bxb7 Rad8 22. a3 Bd6 23. Be3 Be5 24. Rb1 Rb8 25. Qe4 f5 26. Bd5+ Kh8 27. Qf3 Rxb2 28. Rxb2 Bxb2 29. Bc5 Rc8 30. Bb4 Qe5 31. Bb3 Bd4 32. Kg2 Qe4 33. Bd5 Qxf3+ 34. Kxf3 Rc2 35. Kf4 Rxf2+ 36. Kg5 Kg7 37. Be6 Rf3 38. Bxf5 Rxg3+ 39. Kf4 Rb3 40. Bd6 Kf6 41. Ke4 Bb6 42. Bg4 Rb1 43. Bb4 a5 44. Bc3+ Ke7 45. Kd5 Rc1 46. Bd2 Rc2 47. Bg5+ Kf7 48. Bf5 Rc5+ 0-1

[Event "Chesterfield SPICE Cup op"]
[Site "Chesterfield"]
[Date "2023.12.19"]
[Round "4"]
[White "Cavanah, Troy"]
[Black "Chen, Ryo"]
[Result "1/2-1/2"]
[WhiteElo "1950"]
[BlackElo "2355"]
[PlyCount "101"]
[EventDate "2023.12.17"]
[EventType "swiss"]
[EventRounds "9"]
[EventCountry "USA"]
[SourceTitle "CB52_2023"]
[SourceDate "2023.12.27"]
[SourceVersion "1"]
[SourceVersionDate "2023.12.27"]
[SourceQuality "1"]

1. e4 c5 2. Nf3 d6 3. d4 cxd4 4. Nxd4 Nf6 5. Nc3 Nc6 6. Bg5 a6 7. Qd2 e6 8. f3 Nxd4 9. Qxd4 Bd7 10. 0-0-0 Be7 11. Kb1 Qc7 12. Qd2 b5 13. Bd3 b4 14. Ne2 a5 15. g4 e5 16. h4 h5 17. Bxf6 Bxf6 18. g5 Bd8 19. f4 Qc5 20. f5 Bb6 21. c3 0-0 22. c4 a4 23. Ng3 g6 24. Rhf1 Ra7 25. Rf3 Rfa8 26. Be2 Be8 27. fxg6 fxg6 28. Qxd6 Qxd6 29. Rxd6 Bc5 30. Rd5 Bd4 31. Rf6 Rc8 32. Bd3 Rc6 33. Rxc6 Bxc6 34. Rd6 Be8 35. Ne2 Bf2 36. c5 Bxc5 37. Bc4+ Kg7 38. Rd5 Rc7 39. Rxe5 Bd7 40. b3 axb3 41. axb3 Bg4 42. Nf4 Bf2 43. Re8 Bxh4 44. Rg8+ Kh7 45. Rxg6 Bg3 46. Rh6+ Kg7 47. Nxh5+ Bxh5 48. Rxh5 Rc5 49. Kc2 Bf4 50. Kd3 Rxg5 51. Rxg5+ 1/2-1/2

[Event "Chesterfield SPICE Cup op"]
[Site "Chesterfield"]
[Date "2023.12.18"]
[Round "3"]
[White "Chen, Ryo"]
[Black "Puckett, Matthew"]
[Result "1/2-1/2"]
[WhiteElo "2355"]
[BlackElo "2172"]
[PlyCount "97"]
[EventDate "2023.12.17"]
[EventType "swiss"]
[EventRounds "9"]
[EventCountry "USA"]
[SourceTitle "CB52_2023"]
[SourceDate "2023.12.27"]
[SourceVersion "1"]
[SourceVersionDate "2023.12.27"]
[SourceQuality "1"]

1. e4 c5 2. Nf3 Nc6 3. d4 cxd4 4. Nxd4 e5 5. Nb5 d6 6. c4 Be7 7. N1c3 a6 8. Na3 Nf6 9. Be2 Nd4 10. 0-0 Nxe2+ 11. Qxe2 Be6 12. Rd1 0-0 13. Bd2 Rc8 14. Rac1 Nd7 15. b3 f5 16. exf5 Bxf5 17. Nc2 Nc5 18. Be3 Ne6 19. Rd2 Qe8 20. Nd5 Bd8 21. Ncb4 Kh8 22. Nc3 Qg6 23. Kh1 e4 24. f3 exf3 25. Qxf3 Bf6 26. Nbd5 Ng5 27. Qg3 Ne4 28. Nxe4 Bxe4 29. Bf4 Qxg3 30. hxg3 Rfe8 31. Bxd6 Kg8 32. Rf1 Bxd5 33. Rxd5 Re2 34. a4 Rb2 35. Rd3 Re8 36. g4 h6 37. b4 Re4 38. c5 Rxg4 39. b5 axb5 40. axb5 Rxb5 41. Kh2 Rb2 42. Rg3 Rxg3 43. Kxg3 Kf7 44. Rc1 h5 45. c6 bxc6 46. Rxc6 h4+ 47. Kh3 Rd2 48. g3 hxg3 49. Bxg3 1/2-1/2

[Event "Chesterfield SPICE Cup op"]
[Site "Chesterfield"]
[Date "2023.12.17"]
[Round "1"]
[White "Chen, Ryo"]
[Black "Takahashi, Michael John"]
[Result "1/2-1/2"]
[WhiteElo "2355"]
[BlackElo "2033"]
[PlyCount "125"]
[EventDate "2023.12.17"]
[EventType "swiss"]
[EventRounds "9"]
[EventCountry "USA"]
[SourceTitle "CB52_2023"]
[SourceDate "2023.12.27"]
[SourceVersion "1"]
[SourceVersionDate "2023.12.27"]
[SourceQuality "1"]

1. e4 e6 2. d4 d5 3. Nd2 dxe4 4. Nxe4 Nd7 5. Nf3 Ngf6 6. Nxf6+ Nxf6 7. Bd3 c5 8. Be3 Qc7 9. Qe2 Bd6 10. 0-0-0 Bd7 11. Bb5 0-0 12. dxc5 Bxc5 13. Bd3 Bxe3+ 14. Qxe3 Rac8 15. Qe5 Bc6 16. Rhe1 Bxf3 17. gxf3 Qxe5 18. Rxe5 b6 19. a4 Rfd8 20. a5 Kf8 21. Rb5 Rd6 22. axb6 axb6 23. Be4 Rxd1+ 24. Kxd1 Nd7 25. Ke2 Ke7 26. Rb4 Rc5 27. Bd3 Kd6 28. Ra4 h6 29. Ra7 Rc7 30. Ra8 Rc5 31. f4 Rh5 32. Rg8 g5 33. Rg7 gxf4 34. Rxf7 Ne5 35. Rxf4 Nxd3 36. Rd4+ Kc6 37. Rxd3 Rxh2 38. Rg3 Rh5 39. Rg8 Re5+ 40. Kd3 Rd5+ 41. Ke4 Rd2 42. Ke3 Rd5 43. Rg6 Re5+ 44. Kd3 h5 45. f4 Rd5+ 46. Ke4 Kd6 47. Rh6 b5 48. c3 Ke7 49. b3 Rc5 50. Kd3 Rf5 51. Rh7+ Kd6 52. Ke4 Rc5 53. Kd3 Rf5 54. Rh8 Rxf4 55. Rxh5 e5 56. Rh8 Rf3+ 57. Kd2 Kd5 58. Rh4 Rg3 59. Rb4 Kc5 60. Re4 Kd5 61. Re3 Rxe3 62. Kxe3 Kd6 63. Ke4 1/2-1/2